003790000a22001090004500090001700000245006400017041001400081100003900095942001300134773010500147999001700252 aASbSeriadas10aDiario de expedición botánica en la mesa de Juan Díaz0 aEspañol1 aPérez Arbeláez, Enrique999169 cARTICULO1 tRevista de la Academia Colombiana de Ciencias Exactas, Fisicas y Naturales332h31q358-379d1951g8 c14260d14260